000 00561nam a2200181Ia 4500
003 GCL
008 140319s9999 xx 000 0 ara d
040 _aGCL /
_cGCL
082 0 4 _a216.24
_bح ا
100 1 _aحيدر ابراهيم على
245 1 0 _aازمة الاسلام السياسى /
_cحيدر ابراهيم على
260 _a[S.N] :
_bمركز الدراسات السياسية والاستراتيجية - الأهرام ،
_c1992
300 _a225
490 _a
650 0 4 _aتاريخ
650 0 4 _aالسودان
942 _2ddc
_cBK
999 _c54104
_d54104